00423nam a2200145Ia 4500008004100000100001800041245006200059245001800121260005900139260000900198300001100207650001800218650001500236856002600251170221s9999 xx 000 0 und d aDuygu Aydýn 4aThe Relation between Positive Brand Emotions and Recall  cDuygu Aydýn bOnline Journal of Communication and Media Technologies c2013 a33 : 3 xCommunication xMedia Arts uhttp://www.ojcmt.net/